Surveying/ (Record no. 200477)

MARC details
000 -LEADER
fixed length control field 00734nam a22002417a 4500
005 - DATE AND TIME OF LATEST TRANSACTION
control field 20240822163336.0
010 ## - LCCN (DPL NO)
LC control number ENG-139015 ENG-141381
020 ## - INTERNATIONAL STANDARD BOOK NUMBER
International Standard Book Number 9789353167523
Terms of availability 750.00
020 ## - INTERNATIONAL STANDARD BOOK NUMBER
International Standard Book Number 9789353167509
Terms of availability 799.00
035 ## - SYSTEM CONTROL NUMBER
System control number EN-122547
035 ## - SYSTEM CONTROL NUMBER
System control number EN-124913
037 ## - SOURCE OF ACQUISITION
Source of stock number/acquisition DBAD
082 ## - DEWEY DECIMAL CLASSIFICATION NUMBER
Classification number 526.9
Edition number 5
100 ## - MAIN ENTRY--PERSONAL NAME
Personal name Duggal, S k
245 ## - TITLE STATEMENT
Title Surveying/
Statement of responsibility, etc By S k Duggal,
250 ## - EDITION STATEMENT
Edition statement 5
260 ## - PUBLICATION, DISTRIBUTION, ETC. (IMPRINT)
Name of publisher, distributor, etc McGraw Hill Education India Pvt Limited
Date of publication, distribution, etc 2019
Place of publication, distribution, etc Chennai
270 ## - ADDRESS
Address 444/1, Sri Ekambara Naicker Industrial Estate, Alapakkam
City Chennai
Postal code 600116
300 ## - PHYSICAL DESCRIPTION
Extent xviii,527p.
Dimensions 24c(pbk)
Other physical details ill.
300 ## - PHYSICAL DESCRIPTION
Extent xx,658p.
Dimensions 24c(pbk)
Other physical details Index
490 ## - SERIES STATEMENT
Volume number/sequential designation Vol 1,Vol 2
942 ## - ADDED ENTRY ELEMENTS (KOHA)
Source of classification or shelving scheme Dewey Decimal Classification
Item type English Books
Classification part 526.7
Call number suffix DUG
Edition 5
Holdings
Withdrawn status Lost status Not for loan Collection code Home library Current library Date acquired Source of acquisition Cost, normal purchase price Full call number Barcode Copy number Cost, replacement price Koha item type
      Non-fiction Sarojini Nagar Sarojini Nagar 01/02/2024 DBAD/PUB 750.00 526.7 DUG EN-122547 1 750.00 English Books
      Non-fiction Sarojini Nagar Sarojini Nagar 22/08/2024 Delivery of Books Act Division 799.00 526.7 DUG EN-124913 1 799.00 English Books

© Delhi Public Library
Hit Counter
free hit counter